| 000 | 00659nam a22002057a 4500 | ||
|---|---|---|---|
| 001 | 85306 | ||
| 003 | BD-RjUL | ||
| 005 | 20250724103022.0 | ||
| 008 | 250724s1953 ii ||||| |||| 00| 0 urd d | ||
| 035 | _a(BD-RjUL) 85306 | ||
| 040 |
_aBD-RjUL _beng _cBD-RjUL |
||
| 041 | _aurd | ||
| 082 |
_223 _a891.43915 _bABH 1953 |
||
| 100 |
_aعبد الشکور ;; Abdul Shakoor _916243 |
||
| 245 | 1 | 0 |
_aحسرت موہانى / Ḥasrat Mūhānī / _cعبد الشکور ;; Abdul Shakoor |
| 300 |
_a200 p.; _c17 cm |
||
| 600 |
_a Ḥasrat Mūhānī, _d1875-1951 _x Biographies Ḥasrat Mūhānī, _916247 |
||
| 650 |
_a Biography _y20th century _916245 |
||
| 942 |
_2ddc _cBK |
||
| 999 |
_c85306 _d85306 |
||